<?xml version="1.0" encoding="UTF-8"?>
<record
    xmlns:xsi="http://www.w3.org/2001/XMLSchema-instance"
    xsi:schemaLocation="http://www.loc.gov/MARC21/slim http://www.loc.gov/standards/marcxml/schema/MARC21slim.xsd"
    xmlns="http://www.loc.gov/MARC21/slim">

  <leader>01738nam a22001697a 4500</leader>
  <controlfield tag="008">150428b        xxu||||| |||| 00| 0 eng d</controlfield>
  <datafield tag="020" ind1=" " ind2=" ">
    <subfield code="a">058243808x</subfield>
  </datafield>
  <datafield tag="050" ind1=" " ind2=" ">
    <subfield code="a">KD3930.C37</subfield>
  </datafield>
  <datafield tag="100" ind1=" " ind2=" ">
    <subfield code="a">Carroll, Alex</subfield>
  </datafield>
  <datafield tag="245" ind1=" " ind2=" ">
    <subfield code="a">Constitution and administrative law. /</subfield>
    <subfield code="c">Alex Carroll</subfield>
  </datafield>
  <datafield tag="250" ind1=" " ind2=" ">
    <subfield code="a">2nd ed.</subfield>
  </datafield>
  <datafield tag="260" ind1=" " ind2=" ">
    <subfield code="a">England:</subfield>
    <subfield code="b">Longman,</subfield>
    <subfield code="c">c2002.</subfield>
  </datafield>
  <datafield tag="300" ind1=" " ind2=" ">
    <subfield code="a">xxxvii, 534p.</subfield>
    <subfield code="c">25cm.</subfield>
  </datafield>
  <datafield tag="500" ind1=" " ind2=" ">
    <subfield code="a">Includes index</subfield>
  </datafield>
  <datafield tag="505" ind1=" " ind2=" ">
    <subfield code="a">Contents: Fundamental principles: Introduction to constitutional and administrative law -- The Characteristics of the constitutional -- Sources of constitutional and administrative law -- Parliament and the European community: The European community: institutions and sources of law -- The Legislative sovereignty of the westminster parliament -- The Composition and workings of parliament: The Franchise and the electorate -- The House of commons: members of parliament -- The House of commons: principal functions -- The House of lords -- Parliamentary priviledge -- The Executive: The Prime minister and cabinet -- The Royal prerogative -- Crown proceedings and the legal liability of the crown and public authorities -- Judicial review of administrative action: The Nature of judicial review -- Grounds for judicial review: illegality, irrationality and procedural impropriety -- Exclusion of and applications for judicial review -- Exclusivity -- Human rights: The European rights act 1998 -- Police powers, personal liberty and privacy -- Restrictions on the Rights of freedom of assembly and association -- Restrictions on the rights of freedom of expression and information -- Freedom and emergency powers -- Tribunals, inquiries and complaints procedures: Tribunals and inquiries -- Ombudsmen.</subfield>
  </datafield>
  <datafield tag="942" ind1=" " ind2=" ">
    <subfield code="2">lcc</subfield>
    <subfield code="c">BK</subfield>
  </datafield>
  <datafield tag="999" ind1=" " ind2=" ">
    <subfield code="c">5443</subfield>
    <subfield code="d">12943</subfield>
  </datafield>
  <datafield tag="952" ind1=" " ind2=" ">
    <subfield code="0">0</subfield>
    <subfield code="1">0</subfield>
    <subfield code="2">lcc</subfield>
    <subfield code="4">0</subfield>
    <subfield code="7">0</subfield>
    <subfield code="a">WIUC-1</subfield>
    <subfield code="b">WIUC-1</subfield>
    <subfield code="c">LL</subfield>
    <subfield code="d">2015-04-28</subfield>
    <subfield code="l">0</subfield>
    <subfield code="o">KD3930.C37</subfield>
    <subfield code="p">085/15</subfield>
    <subfield code="r">2015-04-28 00:00:00</subfield>
    <subfield code="w">2015-04-28</subfield>
    <subfield code="y">BK</subfield>
  </datafield>
</record>
